000 00634nam a2200169Ia 4500
005 20250424120231.0
008 250424s9999 xx 000 0 und d
022 _a15950956
050 _aDT 30.5 .J 67/
245 0 _aCulture today
260 _aAgo-Iwoye, Lagos
260 _bNigerian Group for the Study of African Cultures
260 _c2006
300 _av. , 126 p. ; 21 cm.
650 _aPolitical culture--Africa--Periodicals. Ethnicity--Africa--Periodicals. Africa--Politics and government--1960---Periodicals. Africa--Civilization--Periodicals. Africa--Ethnic relations--Political aspects--Periodicals.
942 _cSR
999 _c38150
_d38150